[Event "San Sebastian Primavera de Gros op 11th"]
[Site "San Sebastian"]
[Date "2015.04.25"]
[Round "1"]
[White "Moreno Estebanez, Patxi"]
[Black "Abalia Patino, Aritz"]
[Result "0-1"]
[WhiteElo "1592"]
[BlackElo "1998"]
[PlyCount "82"]
[EventDate "2015.04.25"]
[EventType "swiss"]
[EventRounds "8"]
[EventCountry "ESP"]
[SourceTitle "EXT 2019"]
[Source "ChessBase"]
[SourceDate "2018.10.10"]
[SourceVersion "1"]
[SourceVersionDate "2018.10.10"]
[SourceQuality "1"]

1. e4 e6 2. Qe2 c5 3. Nf3 Qc7 4. g3 Nc6 5. Bg2 g6 6. 0-0 Bg7 7. d3 Nge7 8. Re1 d6 9. Nbd2 0-0 10. Nf1 b5 11. h4 h5 12. N1h2 e5 13. Ng5 Nd4 14. Qd1 b4 15. c3 bxc3 16. bxc3 Nb5 17. Bd2 Qc6 18. a4 Nc7 19. g4 hxg4 20. Nxg4 Rb8 21. h5 gxh5 22. Nh2 f6 23. Ngf3 Ng6 24. Re3 Bh6 25. Re1 Bf4 26. Bxf4 Nxf4 27. Re3 Kh7 28. Nh4 Rg8 29. Rg3 Rb2 30. Rxg8 Kxg8 31. Qf3 Qe8 32. Qg3+ Kh7 33. Qf3 Qg8 34. Nf5 Bxf5 35. exf5 Qxg2+ 36. Qxg2 Nxg2 37. Kxg2 Nd5 38. d4 Nxc3 39. dxc5 dxc5 40. a5 Ne4 41. Rf1 c4 0-1